Регионална библиотека "Любен Каравелов" - Русе

Обсадата на Севастопол (Запис номер 429173)

MARC детайли
000 -Лидер
Контролно поле с фиксирана дължина nam a22 a 4500
003 - Код на организацията, давaща контролен номер
Контролно поле BLK
005 - Дата и час на последна редакция
Контролно поле 20210819145509.0
008 - Елементи от данни с фиксирана дължина
fixed length control field 210819b bu |||||r|||| 00| | bu d
040 ## - Източник на каталожния запис
Идентификатор на билиотеката - собственик на записа BLK
041 ## - Код за език
Код за езика на текст/звукозапис или на отделно заглавие Български
Код за езика КДБФ Български
080 ## - УДК
Текстов определител УДК Руска литература
УДК код - определител по УДК 821.161.1
УДК определител -31
УДК - код + определител 821.161.1-31
100 ## - Редна дума - Автор
R(LIN) 321678
Автор Филипов, Михаил Михайлович
Авторска отговорност първи автор
139 ## - Редно поле
Редна дума Филипов, Михаил Михайлович
245 ## - Сведения за заглавието
Заглавие Обсадата на Севастопол
Подзаглавни данни Ил. ист. роман в 5 ч.
Редно поле (дума) Михаил Михайлович Филипов ; прев. от рус. Г. Бонев
260 ## - Област на издателските данни
Място на издаване, разпространение и проч. София
Година на издаване 1898
Печатница София : Просвещение
300 ## - Физическа характеристика
Страници 624 с.
Размери/Мащаб 24 см
380 ## - Жанр
Жанр Худож. лит.
490 ## - СЕРИИ (Колекции)
9 (RLIN) 435080
Име на серия Колекция Редки и ценни издания
700 ## - Други автори (авторска отговорност)
9 (RLIN) 1121
Лично име Бонев, Георги
Автороска отговорност (Описва отношението между автора и произведението) прев. от рус.
852 ## - Местоположение
Форматна сигнатура Рб 898
Фондова буква Редки и ценни
999 ## - СИСТЕМНИ КОНТРОЛНИ НОМЕРА
Koha biblionumber 429173
Koha biblioitemnumber 429173
942 ## - АРТИКУЛИ
Вид на библиотечния материал Книги
Скрит в OPAC Не
Периодичен библиозапис Да
944 ## - СЪЗДАВАНЕ И РЕДАКЦИЯ на ЗАПИСА
Създаване/Редакция Създаване
Дата на регистрацията/редакция 2021-08-19
Служител, извършил регистрацията/редакцията Христина Везирева
999 ## - СИСТЕМНИ КОНТРОЛНИ НОМЕРА
Koha biblioitemnumber 429173
Наличности
Код за отписване Код за изгубен артикул Източник на класификационната схема Код за повреда Коз за рестрикции Код за отдаване Артикулен № Име на библиотеката - собственик Име на библиотеката, в която се намира в момента Статус (Текущо местоположение) Дата на вписване в системата Местоположение - отдел Цена в лева Инвентарен номер Систематично азбучна сигнатура Баркод Цена в евро Служебен тип на артикула
  Не е изгубен Universal Decimal Classification Не е повреден само за читалня Специални фондове ( старопечатни, редки и ценни, фонд М. Арнаудов) 853696 Регионална библиотека "Любен Каравелов" Русе Регионална библиотека "Любен Каравелов" Русе Редки и ценни 2021-09-21 Редки и ценни 0.50 1208 Рб 898 900000075270 0.26 Книги
  Не е изгубен Universal Decimal Classification Не е повреден само за читалня Специални фондове ( старопечатни, редки и ценни, фонд М. Арнаудов) 853697 Регионална библиотека "Любен Каравелов" Русе Регионална библиотека "Любен Каравелов" Русе Редки и ценни 2021-09-21 Редки и ценни 3.80 8192/58 Рб 898 900000075261 1.94 Книги
Vip Innovations Ltd, Rousse, Bulgaria 2025